00357 2200157 4500001002100000005001500021035002000036245002200056100001100078300002600089260002800115082000800143084001400151020002200165990001200187INLIS00000000000297420250917023752 a0010-09250003211 aWhy...? /cCuncun0 aCuncun a292 hlm ;c13 x 19 cm aJakarta :bZettu,c2014 a813 a813 CUN w a978-602-1298-16-9 a0755659